<?xml version="1.0" encoding="UTF-8"?>
<record
    xmlns:xsi="http://www.w3.org/2001/XMLSchema-instance"
    xsi:schemaLocation="http://www.loc.gov/MARC21/slim http://www.loc.gov/standards/marcxml/schema/MARC21slim.xsd"
    xmlns="http://www.loc.gov/MARC21/slim">

  <leader>00612nam a2200229Ia 4500</leader>
  <controlfield tag="005">20230422170604.0</controlfield>
  <controlfield tag="008">230125s9999    xx            000 0 und d</controlfield>
  <datafield tag="020" ind1=" " ind2=" ">
    <subfield code="a">9788130906997</subfield>
  </datafield>
  <datafield tag="041" ind1=" " ind2=" ">
    <subfield code="a">eng</subfield>
  </datafield>
  <datafield tag="082" ind1=" " ind2=" ">
    <subfield code="a">920.71</subfield>
    <subfield code="b">MID</subfield>
  </datafield>
  <datafield tag="100" ind1=" " ind2=" ">
    <subfield code="a">Middleton J</subfield>
    <subfield code="9">108807</subfield>
  </datafield>
  <datafield tag="245" ind1=" " ind2=" ">
    <subfield code="a">Gurus On E - Business</subfield>
  </datafield>
  <datafield tag="250" ind1=" " ind2=" ">
    <subfield code="a">1st Ed.</subfield>
  </datafield>
  <datafield tag="260" ind1=" " ind2=" ">
    <subfield code="c">2010</subfield>
    <subfield code="b">Viva Books</subfield>
    <subfield code="a">New Delhi</subfield>
  </datafield>
  <datafield tag="300" ind1=" " ind2=" ">
    <subfield code="a">224p</subfield>
  </datafield>
  <datafield tag="500" ind1=" " ind2=" ">
    <subfield code="a">Biography;Collective biographies;Biography-Men
</subfield>
  </datafield>
  <datafield tag="650" ind1=" " ind2=" ">
    <subfield code="a">Biography;Collective biographies;Biography-Men</subfield>
    <subfield code="9">180794</subfield>
  </datafield>
  <datafield tag="700" ind1=" " ind2=" ">
    <subfield code="a">Middleton J</subfield>
    <subfield code="9">108807</subfield>
  </datafield>
  <datafield tag="906" ind1=" " ind2=" ">
    <subfield code="b">54.6</subfield>
  </datafield>
  <datafield tag="942" ind1=" " ind2=" ">
    <subfield code="c">BK</subfield>
  </datafield>
  <datafield tag="999" ind1=" " ind2=" ">
    <subfield code="c">96398</subfield>
    <subfield code="d">96398</subfield>
  </datafield>
  <datafield tag="952" ind1=" " ind2=" ">
    <subfield code="0">0</subfield>
    <subfield code="1">0</subfield>
    <subfield code="4">0</subfield>
    <subfield code="7">0</subfield>
    <subfield code="a">HIMR</subfield>
    <subfield code="b">HIMR</subfield>
    <subfield code="d">2020-02-29</subfield>
    <subfield code="e">Forward Books</subfield>
    <subfield code="g">195.00</subfield>
    <subfield code="i">11222</subfield>
    <subfield code="l">0</subfield>
    <subfield code="o">920.71 MID B20225</subfield>
    <subfield code="p">HIMR-BK-20225</subfield>
    <subfield code="r">2023-01-25 00:00:00</subfield>
    <subfield code="v">140.40</subfield>
    <subfield code="w">2023-01-25</subfield>
    <subfield code="y">BK</subfield>
    <subfield code="z">B20225</subfield>
  </datafield>
  <datafield tag="952" ind1=" " ind2=" ">
    <subfield code="0">0</subfield>
    <subfield code="1">0</subfield>
    <subfield code="4">0</subfield>
    <subfield code="7">0</subfield>
    <subfield code="a">HIMR</subfield>
    <subfield code="b">HIMR</subfield>
    <subfield code="d">2020-02-29</subfield>
    <subfield code="e">Forward Books</subfield>
    <subfield code="g">195.00</subfield>
    <subfield code="i">11222</subfield>
    <subfield code="l">2</subfield>
    <subfield code="o">920.71 MID B20226</subfield>
    <subfield code="p">HIMR-BK-20226</subfield>
    <subfield code="r">2024-02-07 00:00:00</subfield>
    <subfield code="s">2024-02-01</subfield>
    <subfield code="v">140.40</subfield>
    <subfield code="w">2023-01-25</subfield>
    <subfield code="y">BK</subfield>
    <subfield code="z">B20226</subfield>
  </datafield>
  <datafield tag="952" ind1=" " ind2=" ">
    <subfield code="0">0</subfield>
    <subfield code="1">0</subfield>
    <subfield code="4">0</subfield>
    <subfield code="7">0</subfield>
    <subfield code="a">HIMR</subfield>
    <subfield code="b">HIMR</subfield>
    <subfield code="d">2020-02-29</subfield>
    <subfield code="e">Forward Books</subfield>
    <subfield code="g">195.00</subfield>
    <subfield code="i">11222</subfield>
    <subfield code="l">0</subfield>
    <subfield code="o">920.71 MID B20227</subfield>
    <subfield code="p">HIMR-BK-20227</subfield>
    <subfield code="r">2023-01-25 00:00:00</subfield>
    <subfield code="v">140.40</subfield>
    <subfield code="w">2023-01-25</subfield>
    <subfield code="y">BK</subfield>
    <subfield code="z">B20227</subfield>
  </datafield>
  <datafield tag="952" ind1=" " ind2=" ">
    <subfield code="0">0</subfield>
    <subfield code="1">0</subfield>
    <subfield code="4">0</subfield>
    <subfield code="7">0</subfield>
    <subfield code="a">HIMR</subfield>
    <subfield code="b">HIMR</subfield>
    <subfield code="d">2020-02-29</subfield>
    <subfield code="e">Forward Books</subfield>
    <subfield code="g">195.00</subfield>
    <subfield code="i">11222</subfield>
    <subfield code="l">0</subfield>
    <subfield code="o">920.71 MID B20228</subfield>
    <subfield code="p">HIMR-BK-20228</subfield>
    <subfield code="r">2023-01-25 00:00:00</subfield>
    <subfield code="v">140.40</subfield>
    <subfield code="w">2023-01-25</subfield>
    <subfield code="y">BK</subfield>
    <subfield code="z">B20228</subfield>
  </datafield>
  <datafield tag="952" ind1=" " ind2=" ">
    <subfield code="0">0</subfield>
    <subfield code="1">0</subfield>
    <subfield code="4">0</subfield>
    <subfield code="7">0</subfield>
    <subfield code="a">HIMR</subfield>
    <subfield code="b">HIMR</subfield>
    <subfield code="d">2020-02-29</subfield>
    <subfield code="e">Forward Books</subfield>
    <subfield code="g">195.00</subfield>
    <subfield code="i">11222</subfield>
    <subfield code="l">0</subfield>
    <subfield code="o">920.71 MID B20229</subfield>
    <subfield code="p">HIMR-BK-20229</subfield>
    <subfield code="r">2023-01-25 00:00:00</subfield>
    <subfield code="v">140.40</subfield>
    <subfield code="w">2023-01-25</subfield>
    <subfield code="y">BK</subfield>
    <subfield code="z">B20229</subfield>
  </datafield>
  <datafield tag="952" ind1=" " ind2=" ">
    <subfield code="0">0</subfield>
    <subfield code="1">0</subfield>
    <subfield code="4">0</subfield>
    <subfield code="7">0</subfield>
    <subfield code="a">HIMR</subfield>
    <subfield code="b">HIMR</subfield>
    <subfield code="d">2021-03-12</subfield>
    <subfield code="e">Forward Books</subfield>
    <subfield code="g">195.00</subfield>
    <subfield code="i">11379</subfield>
    <subfield code="l">0</subfield>
    <subfield code="o">920.71 MID B21487</subfield>
    <subfield code="p">HIMR-BK-21487</subfield>
    <subfield code="r">2023-01-25 00:00:00</subfield>
    <subfield code="v">146.25</subfield>
    <subfield code="w">2021-03-12</subfield>
    <subfield code="y">BK</subfield>
    <subfield code="z">B21487</subfield>
  </datafield>
  <datafield tag="952" ind1=" " ind2=" ">
    <subfield code="0">0</subfield>
    <subfield code="1">0</subfield>
    <subfield code="4">0</subfield>
    <subfield code="7">0</subfield>
    <subfield code="a">HIMR</subfield>
    <subfield code="b">HIMR</subfield>
    <subfield code="d">2021-03-12</subfield>
    <subfield code="e">Forward Books</subfield>
    <subfield code="g">195.00</subfield>
    <subfield code="i">11379</subfield>
    <subfield code="l">0</subfield>
    <subfield code="o">920.71 MID B21483</subfield>
    <subfield code="p">HIMR-BK-21483</subfield>
    <subfield code="r">2023-01-25 00:00:00</subfield>
    <subfield code="v">146.25</subfield>
    <subfield code="w">2021-03-12</subfield>
    <subfield code="y">BK</subfield>
    <subfield code="z">B21483</subfield>
  </datafield>
  <datafield tag="952" ind1=" " ind2=" ">
    <subfield code="0">0</subfield>
    <subfield code="1">0</subfield>
    <subfield code="4">0</subfield>
    <subfield code="7">0</subfield>
    <subfield code="a">HIMR</subfield>
    <subfield code="b">HIMR</subfield>
    <subfield code="d">2021-03-12</subfield>
    <subfield code="e">Forward Books</subfield>
    <subfield code="g">195.00</subfield>
    <subfield code="i">11379</subfield>
    <subfield code="l">0</subfield>
    <subfield code="o">920.71 MID B21484</subfield>
    <subfield code="p">HIMR-BK-21484</subfield>
    <subfield code="r">2023-01-25 00:00:00</subfield>
    <subfield code="v">146.25</subfield>
    <subfield code="w">2021-03-12</subfield>
    <subfield code="y">BK</subfield>
    <subfield code="z">B21484</subfield>
  </datafield>
  <datafield tag="952" ind1=" " ind2=" ">
    <subfield code="0">0</subfield>
    <subfield code="1">0</subfield>
    <subfield code="4">0</subfield>
    <subfield code="7">0</subfield>
    <subfield code="a">HIMR</subfield>
    <subfield code="b">HIMR</subfield>
    <subfield code="d">2021-03-12</subfield>
    <subfield code="e">Forward Books</subfield>
    <subfield code="g">195.00</subfield>
    <subfield code="i">11379</subfield>
    <subfield code="l">1</subfield>
    <subfield code="o">920.71 MID B21485</subfield>
    <subfield code="p">HIMR-BK-21485</subfield>
    <subfield code="r">2024-02-05 00:00:00</subfield>
    <subfield code="s">2024-01-29</subfield>
    <subfield code="v">146.25</subfield>
    <subfield code="w">2021-03-12</subfield>
    <subfield code="y">BK</subfield>
    <subfield code="z">B21485</subfield>
  </datafield>
  <datafield tag="952" ind1=" " ind2=" ">
    <subfield code="0">0</subfield>
    <subfield code="1">0</subfield>
    <subfield code="4">0</subfield>
    <subfield code="7">0</subfield>
    <subfield code="a">HIMR</subfield>
    <subfield code="b">HIMR</subfield>
    <subfield code="d">2021-03-12</subfield>
    <subfield code="e">Forward Books</subfield>
    <subfield code="g">195.00</subfield>
    <subfield code="i">11379</subfield>
    <subfield code="l">0</subfield>
    <subfield code="o">920.71 MID B21486</subfield>
    <subfield code="p">HIMR-BK-21486</subfield>
    <subfield code="r">2023-01-25 00:00:00</subfield>
    <subfield code="v">146.25</subfield>
    <subfield code="w">2021-03-12</subfield>
    <subfield code="y">BK</subfield>
    <subfield code="z">B21486</subfield>
  </datafield>
</record>
